| 000 | 00000nam##2200000za#4500 |
| 001 | 9.572674 |
| 003 | CaOODSP |
| 005 | 20220111083120 |
| 007 | cr ||||||||||| |
| 008 | 150406|2003||||xxc|||||o f|0| 0 eng|d |
| 022 | |a1928-6414 |
| 040 | |aCaOODSP|beng |
| 043 | |an-cn--- |
| 086 | 1 |aNE22-1/2003-7E-PDF |
| 110 | 1 |aCanada. |bNational Energy Board. |
| 245 | 10|aReasons for decision in the matter of Georgia Strait Crossing Pipeline Limited on behalf of GSX Canada Limited Partnership : |h[electronic resource]|bGSX Canada Pipeline application dated 24 April 2001 |
| 246 | 1 |iVariant title : |aGeorgia Strait Crossing Pipeline Limited on behalf of GSX Canada Limited Partnership |
| 260 | |aCalgary - Alberta : |bNational Energy Board |cNovember 2003. |
| 300 | |a108p.|bfig., maps (some coloured), tables |
| 490 | 1 |aReasons for decision|x1928-6414|vGH-4-2001 |
| 500 | |aThe catalogue number (NE22-1/2003-7E) and ISBN (0-662-35221-1) for the print edition have been incorrectly copied in this electronic publication. |
| 590 | |a12-10-Supp|b2012-03-23 |
| 775 | 08|tMotifs de décision relativement à Georgia Strait Crossing Pipeline Limited pour le compte de GSX Canada Limited Partnership : |w(CaOODSP)9.603002 |
| 776 | 0#|tIn the matter of Georgia Strait Crossing Pipeline Limited on behalf of GSX Canada Limited Partnership : |w(CaOODSP)9.616570 |
| 830 | #0|aReasons for decision (Canada. National Energy Board)|x1928-6414|vGH-4-2001|w(CaOODSP)9.504480 |
| 856 | 40|ahttp://publications.gc.ca|qPDF|s4.91 MB|uhttps://publications.gc.ca/collections/collection_2011/one-neb/NE22-1-2003-7-eng.pdf|yGH-4-2001 |